Catálogo
 En Linea

La imagen de la primera intervención militar de los Estados Unidos en la literatura dominicana (1916-1924) / (Registro nro. 53801)

Detalles MARC
000 -CABECERA
campo de control de longitud fija 01825nam a2200325 i 4500
001 - NÚMERO DE CONTROL
campo de control 000017830
003 - IDENTIFICADOR DEL NÚMERO DE CONTROL
campo de control DO-SdBNP
005 - FECHA Y HORA DE LA ÚLTIMA TRANSACCIÓN
campo de control 20250922094656.0
007 - CAMPO FIJO DE DESCRIPCIÓN FÍSICA--INFORMACIÓN GENERAL
campo de control de longitud fija ta
008 - DATOS DE LONGITUD FIJA--INFORMACIÓN GENERAL
campo de control de longitud fija 100406s2022 dr c 000 0 spa d
020 ## - NÚMERO INTERNACIONAL ESTÁNDAR DEL LIBRO
Número Internacional Estándar del Libro 9789945250312
040 ## - FUENTE DE LA CATALOGACIÓN
Centro catalogador/agencia de origen DO-SdBNP
Lengua de catalogación spa
Centro/agencia transcriptor BNPHU
Normas de descripción rda
041 ## - CÓDIGO DE LENGUA
Código de lengua del texto/banda sonora o título independiente spa
082 #4 - NÚMERO DE LA CLASIFICACIÓN DECIMAL DEWEY
Número de clasificación 860
Número de documento/Ítem F385i
Número de edición 22
100 ## - ENTRADA PRINCIPAL--NOMBRE DE PERSONA
Nombre de persona Ferreras, Alex,
Término indicativo de función/relación autor
Código de función/relación aut.
9 (RLIN) 10205
245 10 - MENCIÓN DE TÍTULO
Título La imagen de la primera intervención militar de los Estados Unidos en la literatura dominicana (1916-1924) /
Mención de responsabilidad, etc. Alex Ferreras
264 #4 - PRODUCCIÓN, PUBLICACIÓN, DISTRIBUCIÓN, FABRICACIÓN Y COPYRIGHT
Producción, publicación, distribución, fabricación y copyright Santo Domingo :
Nombre del de productor, editor, distribuidor, fabricante Archivo General de la Nación,
Fecha de producción, publicación, distribución, fabricación o copyright ©2022.
300 ## - DESCRIPCIÓN FÍSICA
Extensión 372 paginas ;
Dimensiones 24 cm.
336 ## - TIPO DE CONTENIDO
Término de tipo de contenido texto
Código de tipo de contenido txt
Fuente rdacontent
337 ## - TIPO DE MEDIO
Nombre/término del tipo de medio sin mediación
Código del tipo de medio n
Fuente rdamedia
338 ## - TIPO DE SOPORTE
Nombre/término del tipo de soporte volumen
Código del tipo de soporte nc
Fuente rdacarrier
490 1# - MENCIÓN DE SERIE
Mención de serie Archivo General de la Nación ;
Designación de volumen o secuencia 449
500 ## - NOTA GENERAL
Nota general Incluye datos biográficos del autor en las solapas
505 ## - NOTA DE CONTENIDO CON FORMATO
Nota de contenido con formato Prólogo 13 --
Información miscelánea Capítulo I--
Título Naturaleza de la investigación--
Información miscelánea Capítulo 2--
Título La literatura como testimonio--
Información miscelánea Capítulo 3--
Título Trasfondo histórico de la intervención militar norteamericana de 1916 en la República Dominicana--
Información miscelánea Capítulo 4--
Título La intervención militar norteamericana desde la óptica de la memoria de escritores dominicanos que la vivieron--
Información miscelánea Capítulo 5--
Título Crítica general sobre los efectos culturales de la intervención militar en la República Dominacana--AnA
Información miscelánea Capítulo 6--
Título Análisis e interpretación de las obras nacionalistas dominicanas de los tiempos de la intervención norteamerica de 1916--
Información miscelánea Capítulo 7--
Título La imagen de los gavilleros en textos dominicanos y en uno norteamericano sobre la ocupación militar.
590 ## - NOTA LOCAL (RLIN)
Nota local Inventariado, 2023 / DG
600 14 - PUNTO DE ACCESO ADICIONAL DE MATERIA--NOMBRE DE PERSONA
Nombre de persona Jimenes Grullón, Juan Isidro,
Fechas asociadas al nombre 1903-1983
9 (RLIN) 2482
650 #4 - PUNTO DE ACCESO ADICIONAL DE MATERIA--TÉRMINO DE MATERIA
Término de materia o nombre geográfico como elemento de entrada Literatura dominicana
9 (RLIN) 38732
910 ## - DATOS DE OPCIÓN DEL USUARIO (OCLC)
Datos de opción del usuario DG
942 ## - ELEMENTOS DE PUNTO DE ACCESO ADICIONAL (KOHA)
Fuente del sistema de clasificación o colocación Dewey Decimal Classification
Tipo de ítem Koha Libro
Existencias
Estado de retiro Estado de pérdida Fuente del sistema de clasificación o colocación Restricciones de uso No para préstamo Código de colección Localización permanente Ubicación/localización actual Ubicación en estantería Fecha de adquisición Fuente de adquisición Total de préstamos Signatura topográfica completa Código de barras Fecha visto por última vez Precio válido a partir de Tipo de ítem Koha Número de copia
    Dewey Decimal Classification Excluido de préstamo   Patrimonio Dominicano Biblioteca Nacional Pedro Henríquez Ureña Biblioteca Nacional Pedro Henríquez Ureña Depósito 13.06.2023 Depósito Legal   BNPHU PD RD860 F385i 2023-2381 13.06.2023 13.06.2023 Libro  
    Dewey Decimal Classification Excluido de préstamo   Patrimonio Dominicano Biblioteca Nacional Pedro Henríquez Ureña Biblioteca Nacional Pedro Henríquez Ureña Depósito 13.06.2023 Depósito Legal   BNPHU PD RD860 F385i 2023-2382 13.06.2023 13.06.2023 Libro e.2
    Dewey Decimal Classification Préstamo en sala   Dominicana de Servicio Biblioteca Nacional Pedro Henríquez Ureña Biblioteca Nacional Pedro Henríquez Ureña Depósito 13.06.2023 Depósito Legal   BNPHU DS RD860 F385i 2023-2383 13.06.2023 13.06.2023 Libro e.3
    Dewey Decimal Classification Préstamo en sala   Dominicana de Servicio Biblioteca Nacional Pedro Henríquez Ureña Biblioteca Nacional Pedro Henríquez Ureña Depósito 22.09.2025 Donación   BNPHU DS 860 F385i 2025-10597 22.09.2025 22.09.2025 Libro e.4
    Dewey Decimal Classification Préstamo en sala   Dominicana de Servicio Biblioteca Nacional Pedro Henríquez Ureña Biblioteca Nacional Pedro Henríquez Ureña Depósito 22.09.2025 Donación   BNPHU DS 860 F385i 2025-10598 22.09.2025 22.09.2025 Libro e.5

Con tecnología Koha